[Event "GER-chT U14"]
[Site "Regensburg"]
[Date "2014.12.27"]
[Round "2.1"]
[White "Hofmann, Rares"]
[Black "Oberhofer, Cedric"]
[Result "1/2-1/2"]
[WhiteElo "1937"]
[BlackElo "2018"]
[PlyCount "75"]
[EventDate "2014.12.27"]
[EventType "team-swiss"]
[EventRounds "7"]
[EventCountry "GER"]
[SourceTitle "EXT 2016"]
[Source "ChessBase"]
[SourceDate "2015.10.08"]
[SourceVersion "1"]
[SourceVersionDate "2015.10.08"]
[SourceQuality "1"]
[WhiteTeam "Coswig TuS"]
[BlackTeam "Regensburg Bavaria"]
[WhiteTeamCountry "GER"]
[BlackTeamCountry "GER"]

1. e4 c5 2. Nf3 d6 3. d4 cxd4 4. Nxd4 Nf6 5. Nc3 a6 6. Bc4 e6 7. 0-0 Be7 8. Re1 Qc7 9. Bb3 0-0 10. f4 Nc6 11. Be3 Bd7 12. Qe2 Na5 13. Nf3 Nxb3 14. cxb3 Bc6 15. Bd4 b5 16. Rac1 Qb7 17. Bxf6 Bxf6 18. e5 dxe5 19. fxe5 Be7 20. Kh1 b4 21. Ne4 Rac8 22. Nfd2 Bxe4 23. Nxe4 Rxc1 24. Rxc1 Rd8 25. Qf3 Qd5 26. Rf1 Rf8 27. Qf4 f6 28. exf6 Bxf6 29. Nxf6+ Rxf6 30. Qb8+ Kf7 31. Qa7+ Kg6 32. Qxa6 Rxf1+ 33. Qxf1 e5 34. h3 e4 35. Qc4 Qd1+ 36. Kh2 Qd6+ 37. Kg1 Qd1+ 38. Kh2 1/2-1/2

[Event "Dresden ZMD op-B 23rd"]
[Site "Dresden"]
[Date "2014.08.22"]
[Round "8"]
[White "Hofmann, Rares"]
[Black "Weisspflog, Janek"]
[Result "1/2-1/2"]
[WhiteElo "1840"]
[BlackElo "2044"]
[PlyCount "75"]
[EventDate "2014.08.15"]
[EventType "swiss"]
[EventRounds "9"]
[EventCountry "GER"]
[SourceTitle "EXT 2024"]
[Source "ChessBase"]
[SourceDate "2023.10.10"]
[SourceVersion "1"]
[SourceVersionDate "2023.10.10"]
[SourceQuality "1"]

1. e4 c5 2. Nf3 e6 3. d4 cxd4 4. Nxd4 a6 5. Nc3 Qc7 6. Bd3 Nf6 7. Qe2 Bb4 8. Bd2 Nc6 9. Nxc6 dxc6 10. 0-0 e5 11. Nb5 axb5 12. Bxb4 Be6 13. b3 Nd7 14. Bc3 0-0 15. f4 b4 16. Bb2 f6 17. Bc4 Qb6+ 18. Kh1 Bxc4 19. Qxc4+ Kh8 20. Rad1 Qc7 21. Qxb4 c5 22. Qd2 Rxa2 23. Qxd7 Qxd7 24. Rxd7 Rxb2 25. fxe5 b5 26. exf6 gxf6 27. Rd2 Ra8 28. h3 Kg7 29. Rd7+ Kg6 30. Rf2 Raa2 31. Rd6 Rxc2 32. Rdxf6+ Kg7 33. Rf7+ Kg8 34. Rf8+ Kg7 35. R2f7+ Kg6 36. Rf6+ Kg7 37. R8f7+ Kg8 38. Rf8+ 1/2-1/2

[Event "Dresden ZMD op-B 23rd"]
[Site "Dresden"]
[Date "2014.08.18"]
[Round "4"]
[White "Boehme, Andre"]
[Black "Hofmann, Rares"]
[Result "1/2-1/2"]
[WhiteElo "1969"]
[BlackElo "1840"]
[PlyCount "49"]
[EventDate "2014.08.15"]
[EventType "swiss"]
[EventRounds "9"]
[EventCountry "GER"]
[SourceTitle "EXT 2024"]
[Source "ChessBase"]
[SourceDate "2023.10.10"]
[SourceVersion "1"]
[SourceVersionDate "2023.10.10"]
[SourceQuality "1"]

1. e4 e5 2. Nf3 Nc6 3. Bc4 Nf6 4. Nc3 Bc5 5. d3 d6 6. 0-0 Bg4 7. Be3 0-0 8. a3 Kh8 9. Qe2 Nd7 10. Bxc5 Nxc5 11. Qe3 Bxf3 12. Qxf3 Nd4 13. Qd1 f5 14. Ne2 Nxe2+ 15. Qxe2 f4 16. f3 Rf6 17. Rad1 Rh6 18. h3 Qg5 19. Kh1 Rf8 20. d4 Nd7 21. dxe5 Nxe5 22. Bb3 c6 23. Rd2 Nd7 24. Rfd1 Qe5 25. c3 1/2-1/2

[Event "Dresden ZMD op-B 23rd"]
[Site "Dresden"]
[Date "2014.08.15"]
[Round "1"]
[White "Hofmann, Rares"]
[Black "Breitfeld, Joachim"]
[Result "1/2-1/2"]
[WhiteElo "1840"]
[BlackElo "2007"]
[PlyCount "93"]
[EventDate "2014.08.15"]
[EventType "swiss"]
[EventRounds "9"]
[EventCountry "GER"]
[SourceTitle "EXT 2024"]
[Source "ChessBase"]
[SourceDate "2023.10.10"]
[SourceVersion "1"]
[SourceVersionDate "2023.10.10"]
[SourceQuality "1"]

1. e4 d5 2. exd5 Qxd5 3. Nc3 Qd6 4. d4 Nf6 5. Nf3 c6 6. g3 Bg4 7. Bg2 e6 8. Bf4 Qd8 9. h3 Bxf3 10. Bxf3 Bd6 11. Qd2 a6 12. 0-0 0-0 13. Rfe1 Bxf4 14. Qxf4 Nd5 15. Nxd5 exd5 16. Re2 Nd7 17. Rae1 Nf6 18. Re7 Re8 19. Rxe8+ Nxe8 20. b3 Nd6 21. Qe5 Kf8 22. a4 Qd7 23. Qh5 Qf5 24. Qxf5 Nxf5 25. c3 Re8 26. Kf1 Nd6 27. Rxe8+ Kxe8 28. Ke2 Kd7 29. Ke3 b5 30. axb5 axb5 31. g4 h6 32. Bg2 g5 33. f4 f6 34. f5 Kc7 35. b4 Ne8 36. Kd2 Kd6 37. Kd3 Ng7 38. Ke3 h5 39. Bf3 h4 40. Kd3 Ne8 41. Bg2 Nc7 42. Bf3 Na6 43. Bg2 Nb8 44. Bf3 Nd7 45. Bg2 Nb6 46. Bf3 Nc4 47. Bg2 1/2-1/2